000 00360nam a2200133Ia 4500
005 20260328104330.0
008 260328s9999||||xx |||||||||||||| ||und||
100 _aCampanario, Gabriel
245 4 _aThe Urban Sketching Handbook :
_b Architecture and Cityscapes /
_cGabriel Campanario
260 _bQuarry
300 _a112 p.
650 _aDIBUJO
942 _cBK
999 _c11680
_d11680